Přívarová, M.: L'économie générale (Všeobecná ekonomická teória). Bratislava, VEA 1997, 205 s.
Recenzia publikácie - Přívarová, M.: L'économie générale (Všeobecná ekonomická teória). Bratislava, VEA 1997, 205 s. Publikácia je venovaná všeobecnej ekonomickej teórii, analýze makroekonomickej a mikroekonomickej teórii. Dielo je napísané jasne a zrozumiteľne, doplnené mnohými tabuľkami a grafmi.
Enregistré dans:
| Auteur principal: | |
|---|---|
| Format: | Chapitre de livre |
| Langue: | slovaque |
| Sujets: | |
| Tags: |
Pas de tags, Soyez le premier à ajouter un tag!
|
MARC
| LEADER | 00000naa a2200000 4500 | ||
|---|---|---|---|
| 001 | r033693 | ||
| 005 | 20230918075339.1 | ||
| 041 | 0 | |a slo | |
| 044 | |a SK | ||
| 245 | 1 | 0 | |a Přívarová, M.: L'économie générale (Všeobecná ekonomická teória). Bratislava, VEA 1997, 205 s. |c Kamel Djebari |
| 520 | |a Recenzia publikácie - Přívarová, M.: L'économie générale (Všeobecná ekonomická teória). Bratislava, VEA 1997, 205 s. Publikácia je venovaná všeobecnej ekonomickej teórii, analýze makroekonomickej a mikroekonomickej teórii. Dielo je napísané jasne a zrozumiteľne, doplnené mnohými tabuľkami a grafmi. | ||
| 610 | 2 | 0 | |a teórie ekonomické |
| 610 | 2 | 0 | |a recenzie |
| 610 | 2 | 0 | |a makroekonomika |
| 610 | 2 | 0 | |a mikroekonomika |
| 610 | 2 | 0 | |a myslenie ekonomické |
| 610 | 2 | 0 | |a integrácia ekonomická medzinárodná |
| 100 | 1 | |a Djebari, Kamel | |